Titres films québécois -> titres français - Statistiques

Statistiques générales
  • Ce quiz a été pris 80 fois
    76 depuis la dernière actualisation
  • Le résultat moyen est 14 sur 47
Statistiques - réponses
nom québécois nom français % Correct
Tuer Bill Kill Bill
95%
Sept Seven
87%
Beauté américaine American Beauty
75%
Monde jurassique Jurassic World
73%
Poulets en fuite Chicken run
72%
Une Etoile est Née A Star is Born
63%
Danse Lascive Dirty Dancing
62%
Tireur d'élite américain American sniper
58%
Film de Peur Scary Movie
57%
Lendemain de veille Very Bad Trip
43%
Une Jolie Femme Pretty Woman
42%
Une vie de bestiole 1001 pattes
40%
Le pouilleux millionnaire Slumdog Millionnaire
38%
Il pleut des hamburgers Tempête de boulettes géantes
38%
Le Jour de la marmotte Un jour sans fin
37%
Rock n'nonne Sister act
33%
Sens dessus dessous Vice-versa
33%
Folies des graduations American pie
32%
La Légende du gros poisson Big Fish
32%
Mon fantôme d'amour Ghost
30%
Ford contre Ferrari Le Mans 66
28%
Le Professionnel Léon
28%
Le Balafré Scarface
28%
La Mariée Cadavérique Les Noces Funèbres
27%
A l'ombre de Shawshank Les évadés
25%
l'homme d'acier man of steel
25%
Frissons Scream
25%
Brillantine Grease
23%
Blonde et Légale Legally Blonde
22%
Le Retour de Danny Ocean Ocean's Twelve
22%
Le Commando des Bâtards Inglourious basterds
20%
Les Yeux Grands Fermés Eyes Wide Shut
15%
Réellement l'amour Love Actually
15%
L'Inconnu de Las Vegas Ocean's eleven
13%
Traduction Infidèle Lost In Translation
12%
Ferrovipathes Trainspotting
12%
La Cloche et l'Idiot Dumb and Dumber
10%
Pour l'amour d'Hollywood La La Land
8%
La Maître de la scène The Greatest Showman
8%
Génération X-trême American History X
7%
Un Amour Fou Crazy, Stupid, Love
7%
Du soleil plein la tête Eternal sunshine of the spotless mind
7%
Les Apprentis Champions Rasta Rocket
7%
Décadence Saw
7%
Sang froid Drive
3%
Projet Apocalypse Fight Club
0%
Les Silences du désir In the Mood for Love
0%
Aucun quiz correspondant
Distribution des résultats
% des personnes avec chaque résultat
Percentile par nombre de réponses
Votre historique - résultats
Vous n’avez pas pris ce quiz depuis la dernière actualisation